[Event "Oberliga Wuerttemberg 2122"]
[Site "Wuerttemberg"]
[Date "2021.09.19"]
[Round "1.5"]
[White "Thoma, Christian"]
[Black "Schnadt, Florian"]
[Result "1/2-1/2"]
[WhiteElo "2177"]
[BlackElo "2043"]
[PlyCount "101"]
[EventDate "2021.09.19"]
[EventType "team-tourn"]
[EventRounds "9"]
[EventCountry "GER"]
[SourceTitle "EXT 2023"]
[Source "ChessBase"]
[SourceDate "2022.10.05"]
[SourceVersion "1"]
[SourceVersionDate "2022.10.05"]
[SourceQuality "1"]
[WhiteTeam "Schmiden/Cannstatt"]
[BlackTeam "Schoenaich II"]
[WhiteTeamCountry "GER"]
[BlackTeamCountry "GER"]

1. d4 d5 2. c4 c6 3. Nf3 Nf6 4. Nc3 e6 5. e3 Nbd7 6. Qc2 Be7 7. b3 0-0 8. Bd3 Qc7 9. Bb2 b6 10. 0-0 Bb7 11. Rac1 Rac8 12. Rfd1 Qb8 13. Qe2 c5 14. cxd5 Nxd5 15. Nxd5 Bxd5 16. e4 Bb7 17. d5 exd5 18. e5 d4 19. Re1 Bd5 20. Bf5 Be6 21. Bxe6 fxe6 22. Qc4 Kf7 23. Re4 b5 24. Rf4+ Ke8 25. Rxf8+ Nxf8 26. Qc2 Rd8 27. Qe4 Qa8 28. Qxa8 Rxa8 29. b4 Rc8 30. Nxd4 a6 31. bxc5 Rxc5 32. Rxc5 Bxc5 33. Nb3 Bb6 34. Bd4 Bxd4 35. Nxd4 Kd7 36. f4 Ng6 37. g3 Ne7 38. Kf2 Nd5 39. Ke1 g5 40. fxg5 Nb4 41. Kd2 Nxa2 42. h4 Nb4 43. h5 Ke7 44. h6 Kf7 45. Nxe6 Nc6 46. Nc7 Nxe5 47. Nxa6 Kg6 48. Nc7 b4 49. Ne6 Nf3+ 50. Kc2 Nxg5 51. Nf8+ 1/2-1/2

[Event "BL2-Sued 1920"]
[Site "Germany"]
[Date "2021.08.08"]
[Round "10.6"]
[White "Beyer, Christian"]
[Black "Schnadt, Florian"]
[Result "1-0"]
[WhiteElo "2277"]
[BlackElo "2051"]
[PlyCount "73"]
[EventDate "2019.10.19"]
[EventType "team-tourn"]
[EventRounds "11"]
[EventCountry "GER"]
[SourceTitle "EXT 2023"]
[Source "ChessBase"]
[SourceDate "2022.10.05"]
[SourceVersion "1"]
[SourceVersionDate "2022.10.05"]
[SourceQuality "1"]
[WhiteTeam "Stuttgart SF"]
[BlackTeam "Schoenaich"]
[WhiteTeamCountry "GER"]
[BlackTeamCountry "GER"]

1. e4 e5 2. Nf3 Nc6 3. Bb5 a6 4. Ba4 Nf6 5. Qe2 b5 6. Bb3 Be7 7. c3 d6 8. 0-0 0-0 9. h3 Na5 10. Bc2 c5 11. d4 Qc7 12. Rd1 Bd7 13. d5 Rfe8 14. Nbd2 Bf8 15. Nf1 g6 16. b3 c4 17. b4 Nb7 18. a4 a5 19. Bg5 Bg7 20. axb5 Bxb5 21. Qe3 Reb8 22. Ra3 axb4 23. cxb4 Nd7 24. Rda1 Rxa3 25. Rxa3 f6 26. Bh4 Nb6 27. N3d2 Ra8 28. Rxa8+ Nxa8 29. Qa7 Nb6 30. Ne3 Kf7 31. Nb1 Nc8 32. Qa3 Nb6 33. Nc3 Bd7 34. f3 Bh6 35. Bf2 Ke7 36. Qa6 Nd8 37. Ng4 1-0

[Event "Oberliga Wuerttemberg 1920"]
[Site "Wuerttemberg"]
[Date "2020.03.01"]
[Round "8.7"]
[White "Schwarz, Arnd Ruediger"]
[Black "Schnadt, Florian"]
[Result "1-0"]
[WhiteElo "2143"]
[BlackElo "2046"]
[PlyCount "55"]
[EventDate "2019.09.15"]
[EventType "team-tourn"]
[EventRounds "9"]
[EventCountry "GER"]
[SourceTitle "EXT 2021"]
[Source "ChessBase"]
[SourceDate "2020.10.23"]
[SourceVersion "1"]
[SourceVersionDate "2020.10.23"]
[SourceQuality "1"]
[WhiteTeam "Nuertingen"]
[BlackTeam "Schoenaich II"]
[WhiteTeamCountry "GER"]
[BlackTeamCountry "GER"]

1. d4 d5 2. Nf3 Nf6 3. c4 c6 4. Qc2 e6 5. Nbd2 Nbd7 6. g3 Bd6 7. Bg2 0-0 8. 0-0 Bc7 9. e4 e5 10. dxe5 Nxe5 11. Nxe5 Bxe5 12. Nf3 Bc7 13. cxd5 cxd5 14. exd5 Nxd5 15. Bg5 Qd6 16. Rad1 Nb4 17. Rxd6 Nxc2 18. Rd2 Nb4 19. Be7 Nxa2 20. Bxf8 Kxf8 21. Rd4 Be6 22. Ng5 Bb3 23. Rd7 Bb6 24. Rxb7 Rd8 25. Nxh7+ Kg8 26. Ng5 Rd2 27. Rb8+ Bd8 28. Ne4 1-0

[Event "Oberliga Wuerttemberg 1920"]
[Site "Wuerttemberg"]
[Date "2019.12.15"]
[Round "5.7"]
[White "Buechele, Johannes"]
[Black "Schnadt, Florian"]
[Result "1-0"]
[WhiteElo "1961"]
[BlackElo "2046"]
[PlyCount "29"]
[EventDate "2019.09.15"]
[EventType "team-tourn"]
[EventRounds "9"]
[EventCountry "GER"]
[SourceTitle "EXT 2021"]
[Source "ChessBase"]
[SourceDate "2020.10.23"]
[SourceVersion "1"]
[SourceVersionDate "2020.10.23"]
[SourceQuality "1"]
[WhiteTeam "Jedesheim"]
[BlackTeam "Schoenaich II"]
[WhiteTeamCountry "GER"]
[BlackTeamCountry "GER"]

1. d4 d5 2. c4 c6 3. Nc3 Nf6 4. e3 e6 5. Nf3 Nbd7 6. Bd3 Bd6 7. 0-0 0-0 8. e4 dxe4 9. Nxe4 Nxe4 10. Bxe4 f5 11. Bc2 e5 12. Ng5 Qf6 13. c5 Bb8 14. Bb3+ Kh8 15. Nxh7 1-0

[Event "Oberliga Wuerttemberg 1920"]
[Site "Wuerttemberg"]
[Date "2019.12.01"]
[Round "4.7"]
[White "Schnadt, Florian"]
[Black "Frick, Christoph"]
[Result "0-1"]
[WhiteElo "2046"]
[BlackElo "2092"]
[PlyCount "94"]
[EventDate "2019.09.15"]
[EventType "team-tourn"]
[EventRounds "9"]
[EventCountry "GER"]
[SourceTitle "EXT 2021"]
[Source "ChessBase"]
[SourceDate "2020.10.23"]
[SourceVersion "1"]
[SourceVersionDate "2020.10.23"]
[SourceQuality "1"]
[WhiteTeam "Schoenaich II"]
[BlackTeam "Bebenhausen"]
[WhiteTeamCountry "GER"]
[BlackTeamCountry "GER"]

1. d4 d5 2. c4 c6 3. Nf3 Nf6 4. Nc3 dxc4 5. a4 Bf5 6. Ne5 Nbd7 7. Nxc4 Nb6 8. Ne5 a5 9. f3 Nfd7 10. Nxd7 Nxd7 11. e4 Bg6 12. Be3 Qb6 13. Qd2 e5 14. dxe5 Bc5 15. Bxc5 Nxc5 16. Qd6 Rd8 17. Nd5 Rxd6 18. Nxb6 Rd4 19. Rc1 Nxa4 20. Rc4 Rxc4 21. Nxc4 Kd7 22. Kd2 Kc7 23. Kc2 Re8 24. h4 h5 25. Nxa5 Rxe5 26. Nc4 Re8 27. b3 Nc5 28. b4 Na6 29. Kc3 f5 30. Bd3 fxe4 31. fxe4 Bxe4 32. Re1 Bg6 33. Rxe8 Bxe8 34. Ne3 c5 35. Bxa6 cxb4+ 36. Kxb4 bxa6 37. Ka5 Bb5 38. g4 hxg4 39. Nxg4 Be2 40. Ne3 Kd7 41. Nf5 g6 42. Ng3 Bd3 43. Nh1 Ke6 44. Nf2 Bb5 45. Ng4 Be2 46. Nh6 Kf6 47. Ng8+ Kf7 0-1

[Event "LSS No Engine Cup 160 Final"]
[Site "LSS email"]
[Date "2017.07.20"]
[Round "?"]
[White "Schnadt, Florian"]
[Black "Henke, Simon"]
[Result "0-1"]
[WhiteElo "1832"]
[BlackElo "1946"]
[PlyCount "26"]
[EventDate "2017.07.21"]
[EventType "tourn (corr)"]
[EventRounds "6"]
[EventCountry "GER"]
[SourceTitle "Corr 2022"]
[Source "ChessBase"]
[SourceDate "2021.10.24"]
[SourceVersion "1"]
[SourceVersionDate "2021.10.24"]
[SourceQuality "1"]

1. c4 c5 2. Nc3 g6 3. g3 Bg7 4. Bg2 Nc6 5. Nf3 d6 6. 0-0 e5 7. a3 a5 8. Ne1 Nge7 9. Nc2 0-0 10. d3 h6 11. Rb1 a4 12. Bd2 f5 13. Ne3 Nd4 0-1

[Event "LSS No Engine Cup 160 Preliminary 0"]
[Site "LSS email"]
[Date "2016.10.06"]
[Round "?"]
[White "Molina, Vicente Andres"]
[Black "Schnadt, Florian"]
[Result "0-1"]
[WhiteElo "1022"]
[BlackElo "1811"]
[PlyCount "58"]
[EventDate "2016.10.07"]
[EventType "tourn (corr)"]
[EventRounds "6"]
[EventCountry "GER"]
[SourceTitle "Corr 2022"]
[Source "ChessBase"]
[SourceDate "2021.10.24"]
[SourceVersion "1"]
[SourceVersionDate "2021.10.24"]
[SourceQuality "1"]

1. e4 e5 2. Nf3 Nc6 3. d4 exd4 4. c3 Nf6 5. Bd3 dxc3 6. Nxc3 Bb4 7. 0-0 Bxc3 8. bxc3 d6 9. Re1 0-0 10. Bg5 h6 11. Bh4 Ne5 12. Nxe5 dxe5 13. Qe2 Qe7 14. a4 Qe6 15. Bc4 Qc6 16. Bb5 Qb6 17. c4 Bg4 18. Qb2 Qe6 19. c5 b6 20. cxb6 cxb6 21. f3 Bh5 22. Rac1 Rac8 23. Rxc8 Rxc8 24. Rd1 g5 25. Bg3 Nxe4 26. Bd7 Rd8 27. Qb5 Nc3 28. Bxe6 Rxd1+ 29. Kf2 Nxb5 0-1

[Event "LSS No Engine Cup 160 Preliminary 0"]
[Site "LSS email"]
[Date "2016.10.06"]
[Round "?"]
[White "Schnadt, Florian"]
[Black "Lenz, Juergen"]
[Result "1-0"]
[WhiteElo "1811"]
[BlackElo "1313"]
[PlyCount "53"]
[EventDate "2016.10.07"]
[EventType "tourn (corr)"]
[EventRounds "6"]
[EventCountry "GER"]
[SourceTitle "Corr 2022"]
[Source "ChessBase"]
[SourceDate "2021.10.24"]
[SourceVersion "1"]
[SourceVersionDate "2021.10.24"]
[SourceQuality "1"]

1. d4 Nf6 2. c4 c5 3. d5 Ne4 4. Qc2 Qa5+ 5. Nd2 Nd6 6. b3 g6 7. Bb2 f6 8. h4 Bg7 9. h5 Kf7 10. hxg6+ hxg6 11. Rxh8 Bxh8 12. Nh3 e5 13. dxe6+ dxe6 14. Ng5+ Kg7 15. 0-0-0 e5 16. Ndf3 Nf7 17. Nxf7 Kxf7 18. Nh4 f5 19. g4 Bf6 20. gxf5 Bxh4 21. fxg6+ Kg7 22. Bxe5+ Bf6 23. Bxf6+ Kxf6 24. Rd6+ Kg7 25. Qb2+ Kg8 26. Qf6 Qe1+ 27. Rd1 1-0

[Event "SC-2016-0-00302"]
[Site "LSS email"]
[Date "2016.09.28"]
[Round "?"]
[White "Schnadt, Florian"]
[Black "Madrid Sole, Antonio"]
[Result "1/2-1/2"]
[WhiteElo "1824"]
[BlackElo "1765"]
[PlyCount "56"]
[EventDate "2016.07.30"]
[EventType "tourn (corr)"]
[EventRounds "6"]
[EventCountry "GER"]
[SourceTitle "Corr 2022"]
[Source "ChessBase"]
[SourceDate "2021.10.24"]
[SourceVersion "1"]
[SourceVersionDate "2021.10.24"]
[SourceQuality "1"]

1. g3 d5 2. Bg2 Nf6 3. f4 g6 4. Nf3 Bg7 5. 0-0 0-0 6. d3 c5 7. Qe1 Nc6 8. c3 b6 9. Na3 Bb7 10. e4 dxe4 11. dxe4 Ba6 12. c4 e5 13. Bd2 Qe7 14. Rd1 Rad8 15. b3 exf4 16. e5 Ne8 17. gxf4 Nc7 18. Nc2 Bb7 19. Ne3 f6 20. Ng4 fxe5 21. Nfxe5 Qe8 22. Nxc6 Bxc6 23. Qxe8 Bxe8 24. Ne5 Bd7 25. Nxd7 Rxd7 26. Bh3 Rd3 27. Bg4 Rfd8 28. Bc1 Rxd1 1/2-1/2

[Event "SC-2016-0-00302"]
[Site "LSS email"]
[Date "2016.09.27"]
[Round "?"]
[White "Perez, Zancasteabro"]
[Black "Schnadt, Florian"]
[Result "0-1"]
[WhiteElo "1898"]
[BlackElo "1824"]
[PlyCount "28"]
[EventDate "2016.07.30"]
[EventType "tourn (corr)"]
[EventRounds "6"]
[EventCountry "GER"]
[SourceTitle "Corr 2022"]
[Source "ChessBase"]
[SourceDate "2021.10.24"]
[SourceVersion "1"]
[SourceVersionDate "2021.10.24"]
[SourceQuality "1"]

1. d4 d6 2. e4 g6 3. Be2 Bg7 4. Nf3 Nf6 5. Nc3 0-0 6. Bg5 h6 7. Be3 Ng4 8. Bc1 c5 9. 0-0 cxd4 10. Nxd4 Nf6 11. Be3 Nc6 12. Qd2 h5 13. f3 Bd7 14. Nxc6 bxc6 0-1

[Event "ZI-2016-0-02209"]
[Site "LSS email"]
[Date "2016.09.22"]
[Round "?"]
[White "Correa de Almeida, Claudio"]
[Black "Schnadt, Florian"]
[Result "1-0"]
[WhiteElo "1558"]
[BlackElo "1824"]
[PlyCount "43"]
[EventDate "2016.08.23"]
[EventType "match (corr)"]
[EventRounds "2"]
[EventCountry "GER"]
[SourceTitle "Corr 2022"]
[Source "ChessBase"]
[SourceDate "2021.10.24"]
[SourceVersion "1"]
[SourceVersionDate "2021.10.24"]
[SourceQuality "1"]

1. e4 d6 2. d4 Nf6 3. f3 e5 4. d5 Be7 5. Be3 0-0 6. c4 Nh5 7. Qd2 h6 8. Nc3 a5 9. g3 Na6 10. 0-0-0 f5 11. exf5 Nf6 12. g4 c6 13. dxc6 bxc6 14. h4 Nh7 15. Nge2 Bxh4 16. Ne4 Be7 17. Nxd6 Qc7 18. c5 Ng5 19. Ng3 Nxf3 20. Bc4+ Kh8 21. Bxh6 Nh4 22. Bg5 1-0

[Event "OP-2016-0-04164"]
[Site "LSS email"]
[Date "2016.09.22"]
[Round "?"]
[White "Ilyin, Igor"]
[Black "Schnadt, Florian"]
[Result "1/2-1/2"]
[WhiteElo "2070"]
[BlackElo "1824"]
[PlyCount "117"]
[EventDate "2016.09.18"]
[EventType "tourn (corr)"]
[EventRounds "4"]
[EventCountry "GER"]
[SourceTitle "Corr 2022"]
[Source "ChessBase"]
[SourceDate "2021.10.24"]
[SourceVersion "1"]
[SourceVersionDate "2021.10.24"]
[SourceQuality "1"]

1. d4 f5 2. c4 g6 3. g3 Bg7 4. Bg2 d6 5. Nc3 Nf6 6. Nf3 0-0 7. d5 Na6 8. 0-0 Qe8 9. Rb1 c6 10. Be3 Bd7 11. a3 e6 12. Ng5 h6 13. dxe6 Bxe6 14. Nxe6 Qxe6 15. b4 Ng4 16. Bd4 Qxc4 17. Bxg7 Kxg7 18. Rc1 Qe6 19. b5 Nc5 20. bxc6 bxc6 21. Na4 Rae8 22. Nxc5 dxc5 23. Rxc5 Qxe2 24. Qd4+ Kh7 25. h3 Nf6 26. Ra5 a6 27. Qb6 Re7 28. Qxc6 Re6 29. Qc7+ Kg8 30. Qf4 Kg7 31. Rc1 Rf7 32. Qb4 h5 33. Bf1 Qf3 34. Rxa6 Rxa6 35. Bxa6 f4 36. Qxf4 Qxf4 37. gxf4 Ra7 38. Rc6 Nd5 39. f5 gxf5 40. Kg2 Nf4+ 41. Kg3 Ng6 42. a4 h4+ 43. Kg2 Nf4+ 44. Kh2 Rd7 45. Rc4 Ng6 46. Kg2 Rd2 47. Bb5 Rb2 48. Be8 Ne5 49. Rd4 Ra2 50. Rxh4 Nd3 51. Kg3 Nxf2 52. Kf4 Re2 53. Bd7 Re4+ 54. Kg5 Re5 55. Bxf5 Ra5 56. Rh7+ Kf8 57. Kf6 Ra6+ 58. Be6 Ne4+ 59. Kf5 1/2-1/2

[Event "ZI-2016-0-02210"]
[Site "LSS email"]
[Date "2016.09.22"]
[Round "?"]
[White "Linart, Ludvik"]
[Black "Schnadt, Florian"]
[Result "0-1"]
[WhiteElo "1722"]
[BlackElo "1824"]
[PlyCount "100"]
[EventDate "2016.08.28"]
[EventType "match (corr)"]
[EventRounds "2"]
[EventCountry "GER"]
[SourceTitle "Corr 2022"]
[Source "ChessBase"]
[SourceDate "2021.10.24"]
[SourceVersion "1"]
[SourceVersionDate "2021.10.24"]
[SourceQuality "1"]

1. d4 e6 2. c4 Nf6 3. Nc3 Bb4 4. Nf3 0-0 5. e3 d5 6. Be2 c5 7. a3 Bxc3+ 8. bxc3 dxc4 9. Bxc4 Qa5 10. Bd2 Ne4 11. 0-0 Nxd2 12. Qxd2 cxd4 13. cxd4 Qxd2 14. Nxd2 Nc6 15. Bb5 Bd7 16. Ne4 a6 17. Bd3 Na5 18. Rab1 Bc6 19. Rfc1 b5 20. Nc5 Rfc8 21. f3 g6 22. Kf2 Kg7 23. h4 Bd5 24. a4 bxa4 25. Nxa4 Rxc1 26. Rxc1 Nc6 27. Ke2 Nb4 28. Rc7 a5 29. Nb6 Rb8 30. Nc8 a4 31. e4 a3 32. exd5 a2 33. Ra7 Rxc8 34. dxe6 Rc7 35. Ra5 fxe6 36. Kd2 Kf6 37. g4 Ke7 38. f4 Kd6 39. f5 exf5 40. gxf5 Rc6 41. fxg6 hxg6 42. Ra3 Kd5 43. Ra4 Rf6 44. Be2 Rf2 45. Ke3 Rh2 46. Ra5+ Kd6 47. Kd2 Rh1 48. Bd1 Kc6 49. Rc5+ Kb6 50. Rc1 Rh3 0-1

[Event "ZI-2016-0-02210"]
[Site "LSS email"]
[Date "2016.09.22"]
[Round "?"]
[White "Schnadt, Florian"]
[Black "Linart, Ludvik"]
[Result "1-0"]
[WhiteElo "1824"]
[BlackElo "1722"]
[PlyCount "47"]
[EventDate "2016.08.28"]
[EventType "match (corr)"]
[EventRounds "2"]
[EventCountry "GER"]
[SourceTitle "Corr 2022"]
[Source "ChessBase"]
[SourceDate "2021.10.24"]
[SourceVersion "1"]
[SourceVersionDate "2021.10.24"]
[SourceQuality "1"]

1. e4 e5 2. f4 exf4 3. Nf3 g5 4. Bc4 g4 5. 0-0 gxf3 6. Qxf3 Qf6 7. e5 Qxe5 8. Bxf7+ Kxf7 9. d4 Qf5 10. Bxf4 Nf6 11. Nc3 d6 12. Qe3 Qe6 13. Qd3 Rg8 14. Bg3 Kg7 15. Rae1 Qd7 16. Bh4 Nh5 17. Nd5 Kh8 18. Ne7 Qg4 19. Nxg8 Qxg8 20. Qf3 Ng7 21. Qxf8 Nc6 22. Qf4 Bf5 23. Bf6 Bxc2 24. Qh6 1-0

[Event "BL2-Sued 1516"]
[Site "Germany"]
[Date "2016.04.24"]
[Round "2.6"]
[White "Flierl, Pascal"]
[Black "Schnadt, Florian"]
[Result "1-0"]
[WhiteElo "2224"]
[BlackElo "2136"]
[PlyCount "63"]
[EventDate "2015.09.20"]
[EventType "team-tourn"]
[EventRounds "9"]
[EventCountry "GER"]
[SourceTitle "EXT 2017"]
[Source "ChessBase"]
[SourceDate "2016.10.25"]
[SourceVersion "1"]
[SourceVersionDate "2016.10.25"]
[SourceQuality "1"]
[WhiteTeam "Schwegenheim"]
[BlackTeam "Schoenaich"]
[WhiteTeamCountry "GER"]
[BlackTeamCountry "GER"]

1. e4 c5 2. Nc3 e6 3. f4 b6 4. Nf3 Bb7 5. d4 cxd4 6. Nxd4 a6 7. Bd3 Nf6 8. Qe2 Nc6 9. Nxc6 dxc6 10. 0-0 Be7 11. Be3 Qc7 12. Rad1 c5 13. a4 c4 14. Bxc4 Nxe4 15. Nxe4 Bxe4 16. Bxa6 0-0 17. Bb5 Rfd8 18. c3 Bg6 19. Qf2 Bc5 20. Bxc5 bxc5 21. Rfe1 h6 22. b4 cxb4 23. cxb4 Qc3 24. Qc5 Qb2 25. Bc6 Rab8 26. b5 Rxd1 27. Rxd1 Bc2 28. Qd4 Qa3 29. Ra1 Qe7 30. a5 Rd8 31. Qc3 Qd6 32. a6 1-0

[Event "LSS No Engine Cup 93 Preliminary 0"]
[Site "LSS email"]
[Date "2013.08.28"]
[Round "?"]
[White "Husemann, Andreas"]
[Black "Schnadt, Florian"]
[Result "1-0"]
[WhiteElo "2162"]
[BlackElo "1600"]
[PlyCount "39"]
[EventDate "2013.08.29"]
[EventType "tourn (corr)"]
[EventRounds "6"]
[EventCountry "GER"]
[SourceTitle "Corr 2022"]
[Source "ChessBase"]
[SourceDate "2021.10.24"]
[SourceVersion "1"]
[SourceVersionDate "2021.10.24"]
[SourceQuality "1"]

1. d4 Nf6 2. c4 g6 3. Nf3 Bg7 4. g3 0-0 5. Bg2 d5 6. cxd5 Nxd5 7. 0-0 Nb6 8. Nc3 Nc6 9. e3 Re8 10. Re1 a5 11. Qe2 Be6 12. Nd2 a4 13. Rd1 Na5 14. Nde4 Bc4 15. Qc2 Nc6 16. Nc5 Nb4 17. Qd2 e5 18. N3xa4 Nxa4 19. Qxb4 Nb6 20. b3 1-0

[Event "OP-2013-0-02918"]
[Site "LSS email"]
[Date "2013.08.02"]
[Round "?"]
[White "Lenz, Juergen"]
[Black "Schnadt, Florian"]
[Result "0-1"]
[WhiteElo "965"]
[BlackElo "1765"]
[PlyCount "164"]
[EventDate "2013.07.30"]
[EventType "tourn (corr)"]
[EventRounds "4"]
[EventCountry "GER"]
[SourceTitle "Telechess CBM 163"]
[Source "ChessBase"]
[SourceDate "2014.11.11"]
[SourceVersion "2"]
[SourceVersionDate "2014.11.11"]
[SourceQuality "1"]

1. d4 Nf6 2. Bf4 g6 3. e3 Bg7 4. Be2 0-0 5. c4 d6 6. Nc3 Nbd7 7. h3 e5 8. Bh2 exd4 9. exd4 Re8 10. Nf3 Nf8 11. 0-0 Bf5 12. Bd3 Bxd3 13. Qxd3 Ne6 14. Rfe1 c5 15. d5 Nc7 16. a4 Qd7 17. Kf1 Na6 18. Nb5 Nb4 19. Qb3 Ne4 20. Nc3 Nf6 21. Na2 Nxa2 22. Qxa2 Ne4 23. Re2 f5 24. Bf4 h6 25. h4 Re7 26. Rae1 Rae8 27. Qb3 Kh7 28. Qc2 Bf6 29. b3 g5 30. hxg5 hxg5 31. Bc1 Kg7 32. Bb2 Kg6 33. Bxf6 Nxf6 34. Qc1 Nh7 35. Rxe7 Rxe7 36. Rxe7 Qxe7 37. Qc2 Nf6 38. Qe2 Ne4 39. Ne1 Qe5 40. Kg1 Qc3 41. f3 Qd2 42. Qf1 Qe3+ 43. Kh2 Nd2 44. Qg1 Qe5+ 45. Kh1 Qh8+ 46. Qh2 Qxh2+ 47. Kxh2 Nxb3 48. Nc2 Nd2 49. Na3 Kf6 50. Kg3 Ke5 51. Kf2 a6 52. Ke3 Nb3 53. Nb1 Na5 54. Nd2 b6 55. g3 f4+ 56. gxf4+ gxf4+ 57. Kd3 b5 58. axb5 axb5 59. cxb5 Kxd5 60. Ne4 Ke5 61. Kc3 Nb7 62. Ng5 d5 63. Nh3 Nd6 64. b6 d4+ 65. Kd3 c4+ 66. Kc2 Nb7 67. Nf2 Kf5 68. Ng4 Ke6 69. Nf2 Ke5 70. Ng4+ Kd5 71. Nf6+ Kc6 72. Nh5 Kxb6 73. Nxf4 Kc5 74. Kd2 Kd6 75. Ng6 Nc5 76. f4 Kd5 77. Ne7+ Ke4 78. Nc6 Nb3+ 79. Kc2 d3+ 80. Kc3 Kxf4 81. Nb4 Ke3 82. Nd5+ Kf2 0-1

[Event "OP-2013-0-02918"]
[Site "LSS email"]
[Date "2013.08.02"]
[Round "?"]
[White "Schnadt, Florian"]
[Black "Lombardi, Donato"]
[Result "1-0"]
[WhiteElo "1765"]
[BlackElo "863"]
[PlyCount "61"]
[EventDate "2013.07.30"]
[EventType "tourn (corr)"]
[EventRounds "4"]
[EventCountry "GER"]
[SourceTitle "Telechess CBM 163"]
[Source "ChessBase"]
[SourceDate "2014.11.11"]
[SourceVersion "2"]
[SourceVersionDate "2014.11.11"]
[SourceQuality "1"]

1. d4 d5 2. c4 c6 3. Nf3 Nf6 4. Nc3 e6 5. Bg5 Be7 6. cxd5 cxd5 7. e3 0-0 8. Bd3 Nc6 9. 0-0 h6 10. Bh4 a6 11. Rc1 Qc7 12. Bb1 Bd7 13. a3 Rfe8 14. Qd3 Rac8 15. e4 dxe4 16. Nxe4 Nxe4 17. Qxe4 Bxh4 18. Qh7+ Kf8 19. Nxh4 Qf4 20. g3 Qf6 21. d5 Ne5 22. f4 Rxc1 23. Rxc1 Ke7 24. fxe5 Qxe5 25. Qe4 Qxb2 26. Rf1 Kf8 27. Ng6+ Kg8 28. Ne7+ Kf8 29. d6 Qxa3 30. Qh7 f6 31. Qg8# 1-0

[Event "OP-2013-0-02907"]
[Site "LSS email"]
[Date "2013.07.27"]
[Round "?"]
[White "Billio, Maria"]
[Black "Schnadt, Florian"]
[Result "1-0"]
[WhiteElo "1635"]
[BlackElo "1765"]
[PlyCount "67"]
[EventDate "2013.07.24"]
[EventType "tourn (corr)"]
[EventRounds "4"]
[EventCountry "GER"]
[SourceTitle "Telechess CBM 163"]
[Source "ChessBase"]
[SourceDate "2014.11.11"]
[SourceVersion "2"]
[SourceVersionDate "2014.11.11"]
[SourceQuality "1"]

1. d4 Nf6 2. Bg5 d5 3. Bxf6 exf6 4. e3 Be6 5. c3 c6 6. Bd3 Nd7 7. a4 Bd6 8. a5 0-0 9. Nd2 f5 10. Qc2 Qg5 11. g3 Nf6 12. Ndf3 Qh5 13. Be2 Ne4 14. Ne5 Qg5 15. a6 Bxe5 16. axb7 Rab8 17. Nf3 Qe7 18. Nxe5 Qxb7 19. b4 f6 20. Nd3 Qc7 21. 0-0 Ra8 22. Ra5 Rfb8 23. Rfa1 Rb5 24. Rxb5 cxb5 25. Nc5 Bd7 26. Qb3 Bc6 27. Bxb5 Nxc5 28. dxc5 Rb8 29. Bxc6 Qxc6 30. Rxa7 Qxc5 31. bxc5 Rxb3 32. c6 Rb8 33. Rd7 Kf8 34. c7 1-0

[Event "LSS No Engine Cup 92 Preliminary 5"]
[Site "LSS email"]
[Date "2013.07.27"]
[Round "?"]
[White "Lombardi, Donato"]
[Black "Schnadt, Florian"]
[Result "0-1"]
[WhiteElo "855"]
[BlackElo "1731"]
[PlyCount "78"]
[EventDate "2013.07.28"]
[EventType "tourn (corr)"]
[EventRounds "6"]
[EventCountry "GER"]
[SourceTitle "Telechess CBM 167"]
[Source "ChessBase"]
[SourceDate "2015.07.13"]
[SourceVersion "1"]
[SourceVersionDate "2015.07.13"]
[SourceQuality "1"]

1. e4 e5 2. Nf3 Nc6 3. d4 exd4 4. Nxd4 Nf6 5. Nc3 Bb4 6. Nxc6 bxc6 7. Bd3 d5 8. exd5 cxd5 9. 0-0 0-0 10. Bg5 c6 11. Qf3 Bd6 12. Bxf6 Qxf6 13. Qxf6 gxf6 14. Rad1 Rb8 15. b3 Re8 16. Rfe1 Bg4 17. f3 Be6 18. Bf1 Bb4 19. Rd3 d4 20. Rxe6 fxe6 21. Ne4 Be7 22. g4 e5 23. c3 Red8 24. h4 Kf7 25. cxd4 Rxd4 26. g5 fxg5 27. hxg5 Rbd8 28. Rxd4 Rxd4 29. Bc4+ Kg6 30. Kg2 Bxg5 31. Bf7+ Kh6 32. Nxg5 Kxg5 33. Kf2 Rd2+ 34. Ke3 Rxa2 35. b4 Rb2 36. Ke4 Kf6 37. Bg8 Rxb4+ 38. Ke3 h5 39. Bh7 h4 0-1

[Event "OP-2013-0-02887"]
[Site "LSS email"]
[Date "2013.07.16"]
[Round "?"]
[White "Billio, Maria"]
[Black "Schnadt, Florian"]
[Result "1-0"]
[WhiteElo "1555"]
[BlackElo "1839"]
[PlyCount "53"]
[EventDate "2013.07.14"]
[EventType "tourn (corr)"]
[EventRounds "4"]
[EventCountry "GER"]
[SourceTitle "Telechess CBM 161"]
[Source "ChessBase"]
[SourceDate "2014.07.16"]
[SourceVersion "1"]
[SourceVersionDate "2014.07.16"]
[SourceQuality "1"]

1. d4 Nf6 2. c4 g6 3. Nc3 d5 4. cxd5 Nxd5 5. e4 Nxc3 6. bxc3 Bg7 7. Qa4+ Nd7 8. Nf3 0-0 9. Bg5 c5 10. Rc1 h6 11. Be3 a6 12. Qa3 b6 13. Bd3 e6 14. 0-0 Bb7 15. Rfd1 Qc7 16. Nd2 Rac8 17. Bf1 Rfd8 18. f3 Qb8 19. dxc5 Nxc5 20. Qb4 Nd3 21. Bxd3 Rxd3 22. Nf1 Rxd1 23. Rxd1 b5 24. c4 Rxc4 25. Qe7 Rc7 26. Rd8+ Kh7 27. Qe8 1-0

[Event "OP-2013-0-02887"]
[Site "LSS email"]
[Date "2013.07.16"]
[Round "?"]
[White "Schnadt, Florian"]
[Black "Dlugolecki, Grzegorz"]
[Result "0-1"]
[WhiteElo "1839"]
[BlackElo "1601"]
[PlyCount "52"]
[EventDate "2013.07.14"]
[EventType "tourn (corr)"]
[EventRounds "4"]
[EventCountry "GER"]
[SourceTitle "Telechess CBM 161"]
[Source "ChessBase"]
[SourceDate "2014.07.16"]
[SourceVersion "1"]
[SourceVersionDate "2014.07.16"]
[SourceQuality "1"]

1. d4 Nf6 2. c4 e6 3. Nc3 Bb4 4. Qc2 0-0 5. a3 Bxc3+ 6. Qxc3 b6 7. Bg5 Bb7 8. e3 d6 9. Ne2 Nbd7 10. Qc2 h6 11. Bh4 Be4 12. Qd2 Bf5 13. f3 e5 14. d5 Nc5 15. Nc1 a5 16. Qc3 Ra7 17. Nd3 Nxd5 18. cxd5 Qxh4+ 19. Nf2 a4 20. Bb5 Nb3 21. Rd1 Ra5 22. g3 Qe7 23. Bxa4 Nd4 24. e4 Bxe4 25. fxe4 Rxa4 26. 0-0 Ne2+ 0-1